Normal view
MARC view
Entry Personal Name
001 - CONTROL NUMBER
- control field: 31952
003 - CONTROL NUMBER IDENTIFIER
- control field: dpl
005 - DATE AND TIME OF LATEST TRANSACTION
- control field: 20110808165434.0
008 - FIXED-LENGTH DATA ELEMENTS
- fixed length control field: 110808|||a|||||| | ||| d
040 ## - CATALOGING SOURCE
- Original cataloging agency: dpl
- Transcribing agency: dpl
100 ## - HEADING--PERSONAL NAME
- Personal name:
670 ## - SOURCE DATA FOUND
- Source citation: Work cat.: (dpl)21884: क्या तेरा क्या मेराः वारली लोक कथा /, 2007
670 ## - SOURCE DATA FOUND
- Source citation: Work cat.: (dpl)21884: क्या तेरा क्या मेराः वारली लोक कथा /, 2007
